000 00433nam a2200157 a 4500
001 000026498
005 20200930030244.0
008 110322s1901 dr 000 0 spa d
040 _aDO-SdBNP
_bspa
_cBNPHU
082 _axxx
_bF814r
100 1 _aFrancasci, Amelia
_944980
245 1 0 _aRecuerdos e impresiones /
_cAmelia Francasci.
260 _aSanto Domingo :
_bCuna América,
_c1901.
300 _a35 p. ;
_c17 cm.
049 _aBNPD
999 _c25990
_d25990